Countries Closest to Kazakhstan - Statistics

General Stats
  • This quiz has been taken 5,745 times
  • The average score is 18 of 20
Answer Stats
km country miles % Correct
0 Russia 0
99%
0 China 0
97%
0 Turkmenistan 0
97%
0 Uzbekistan 0
96%
39 Mongolia 24
95%
808 India 502
94%
342 Iran 213
94%
530 Pakistan 329
94%
299 Afghanistan 186
93%
0 Kyrgyzstan 0
93%
59 Tajikistan 36
93%
836 Iraq 520
92%
533 Armenia 331
91%
428 Georgia 266
91%
666 Turkey 414
89%
227 Azerbaijan 141
87%
476 Ukraine 276
84%
1004 Syria 624
78%
1050 Belarus 652
71%
1251 Moldova 777
60%
No matching quizzes found
Score Distribution
Percent of People with Each Score
Percentile by Number Answered
Your Score History
You have not taken this quiz